[Event "Reykjavik op"]
[Site "Reykjavik"]
[Date "2013.02.25"]
[Round "8"]
[White "Thorsteinsdottir, Hallgerdur"]
[Black "Seim, Fredrik"]
[Result "1-0"]
[WhiteElo "1960"]
[BlackElo "1714"]
[PlyCount "81"]
[EventDate "2013.02.19"]
[EventType "swiss"]
[EventRounds "10"]
[EventCountry "ISL"]
[SourceTitle "CBM 153 Extra"]
[Source "ChessBase"]
[SourceDate "2013.04.22"]
[SourceVersion "1"]
[SourceVersionDate "2013.04.22"]
[SourceQuality "1"]

1. e4 e6 2. d4 d5 3. Nd2 Nf6 4. e5 Ng8 5. Bd3 c5 6. c3 Nc6 7. Ne2 f6 8. exf6 Nxf6 9. 0-0 Be7 10. Nf3 Qb6 11. b3 Bd7 12. Re1 cxd4 13. cxd4 0-0 14. Nf4 e5 15. dxe5 Ng4 16. Qe2 Nb4 17. Be3 Nxe3 18. Qxe3 Bc5 19. Qd2 Rxf4 20. Bxh7+ Kxh7 21. Qxf4 Bxf2+ 22. Kh1 Nd3 23. Ng5+ Kh8 24. Qf7 Qh6 25. Qxd7 Qxg5 26. Qh3+ Qh4 27. Qxh4+ Bxh4 28. Re3 Nf2+ 29. Kg1 Rf8 30. g3 Bd8 31. Kg2 Ne4 32. Rd1 Rf2+ 33. Kh3 Bb6 34. Ree1 Rxa2 35. Rxd5 Nf2+ 36. Kh4 Kh7 37. e6 Ra5 38. Rxa5 Bxa5 39. e7 Bxe1 40. e8Q Bc3 41. g4 1-0